Herpes simplex

Bibliographic Details
Main Author: Poláková, Katarína, 1951- (Author)
Format: Article
Language:Slovak

MARC

LEADER 00000nab a2200000ua 4500
001 vtls010824869
003 SK-MaSNL
005 20260303135252.0
008 230218s2007 xo |||||||||||||||||slo|
035 |a (urnnbn)urn:nbn:sk:snk:ar-a0665s 
035 |a urn:nbn:sk:snk-ab5rah 
035 |a (uuid)47fadaad-2aa7-4fb9-a16f-69e918e78872 
040 |a SNKBUCL  |b slo  |c SNKBUCL  |e AACR2 
041 0 |a slo 
044 |a xo  |c SK 
100 1 |a Poláková, Katarína,  |d 1951-  |4 aut  |9 217407 
245 1 0 |a Herpes simplex  |c Katarína Poláková 
773 0 |t Diabetik  |g Roč. 6, č. 4 (2007), s. 38-41 
954 |a odborná, vedecká literatúra pôvodná (slovenská)  |2 lita 
958 |a OND 
958 |a EUIPO 
958 |a article5 
999 |c 1964366  |d 1966296